000 00638nam a2200277Ia 4500
005 20260324143639.0
008 008 260324s9999 xx 000 0 eng d
020 _a9781003380474
037 _aEBOOK
040 _aCRL
040 _beng
040 _cCRL
041 _2eng
041 _aeng
084 _qCRL
100 _aKeith Soothill; Sylvia Walby
_91216416
245 0 _aSex Crime in the News
260 _bTaylor and Francis
260 _c1991
365 _a
365 _b145
856 _uhttp://www.taylorfrancis.com/books/9781003380474
942 _cEBOOK
999 _c1822042
_d1822042